Statystyki dla Wypisz popularne samochody

Kliknij tutaj aby rozwiązać quiz!

Ogólne statystyki

  • Ten quiz został rozwiązany 5 104 razy
  • Średni wynik to 19 z 49

Statystyki odpowiedzi

% Poprawnych
Audi
92%
BMW
92%
Mercedes
85%
Fiat
74%
Lamborghini
74%
Ferrari
73%
Opel
73%
Volkswagen
69%
Toyota
68%
Skoda
62%
Honda
59%
Porsche
58%
Citroen
53%
Nissan
52%
Renault
50%
Hyundai
49%
Mazda
48%
Peugeot
48%
Volvo
48%
Kia
47%
Seat
47%
Bugatti
43%
Dacia
37%
Chevrolet
36%
Dodge
35%
Suzuki
35%
Alfa Romeo
33%
Bentley
30%
Mitsubishi
30%
Jeep
29%
Subaru
29%
Jaguar
26%
Aston Martin
24%
Lexus
23%
Maserati
20%
Łada
19%
Mini
15%
Pagani
15%
Daewoo
12%
Lancia
12%
Acura
8%
Chrysler
8%
Koenigsegg
8%
Smart
7%
Lotus
6%
Pontiac
6%
Holden
3%
Ascari
1%
Geely
1%

Rozkład punktacji

Percentyl według liczby udzielonych odpowiedzi

Procent ludzi z każdym wynikiem

Twoja historia wyników

Nie rozwiązałeś tego quizu